[Event "GER-chT U16"]
[Site "Magdeburg"]
[Date "2023.12.27"]
[Round "1.10"]
[White "Reus, Nicholas"]
[Black "Aumueller, Naum"]
[Result "1/2-1/2"]
[WhiteElo "1742"]
[BlackElo "1881"]
[PlyCount "64"]
[EventDate "2023.12.26"]
[EventType "team-swiss"]
[EventRounds "7"]
[EventCountry "GER"]
[SourceTitle "CB03_2024"]
[SourceDate "2024.01.17"]
[SourceVersion "1"]
[SourceVersionDate "2024.01.17"]
[SourceQuality "1"]
[WhiteTeam "Stuttgart SF"]
[BlackTeam "Regensburg Bavaria"]
[WhiteTeamCountry "GER"]
[BlackTeamCountry "GER"]

1. c4 e5 2. Nc3 Nf6 3. Nf3 Nc6 4. a3 a5 5. e3 Be7 6. d4 exd4 7. exd4 d5 8. Ne5 0-0 9. Nxc6 bxc6 10. c5 Bg4 11. Qc2 Re8 12. Be2 Bxc5 13. f3 Bxd4 14. fxg4 Nxg4 15. Bf4 Qf6 16. Rf1 Bf2+ 17. Rxf2 Nxf2 18. Kxf2 Qxf4+ 19. Bf3 Qe3+ 20. Kf1 Rad8 21. Qf2 Qe5 22. Qg3 Qf5 23. Qxc7 Qc2 24. Re1 d4 25. Rxe8+ Rxe8 26. Qd7 Qc1+ 27. Nd1 Qc4+ 28. Kf2 Qc2+ 29. Kg3 Qg6+ 30. Kf2 Qc2+ 31. Kg3 Qg6+ 32. Kf2 Qc2+ 1/2-1/2